00544nam a2200157 a 4500008004100000020001800041050001600059100001600075245015100091250001700242260004900259300003600308650001600344650001200360650001400372200723s2019 ||||||||||||||||| || u a9781108418461 aQ 182.3 Kir aKirkup, Les10aExperimental methods for science and engineering students: an introduction to the analysis and presentation of data (2nd edition) cBy Less Kirkup a2nd edition  aCambridge bCambridge University Pressc2019 axiv, 224 pages : illustrations  aENGINEERING 0aPHYSICS aASTRONOMY